Statistics for Game of Thrones Nicknames

Click here to take the quiz!

General Stats

  • This quiz has been taken 472 times
  • The average score is 15 of 17

Answer Stats

HintAnswer% Correct
The ImpTyrion Lannister
100%
The BastardJon Snow
95%
Mother Of DragonsDaenerys Targaryen
94%
KingslayerJaime Lannister
94%
LittlefingerPetyr Baelish
94%
The HoundSandor Clegane
94%
The MountainGregor Clegane
93%
Which character has a sword named 'needle'?Arya Stark
92%
The King in The NorthRobb Stark
92%
NedEddard Stark
91%
Lord of Casterly RockTywin Lannister
91%
Little DoveSansa Stark
89%
ReekTheon Greyjoy
89%
The SpiderLord Varys
88%
The Onion KnightDavos Seaworth
85%
Red QueenMelisandre
73%
King of the Seven KingdomsStannis Baratheon
72%

Score Distribution

Percentile by Number Answered

Percent of People with Each Score

Your Score History

You have not taken this quiz